| 000 | 00823cam a2200277Ia 4500 | ||
|---|---|---|---|
| 001 | 650733 | ||
| 005 | 20180502092506.0 | ||
| 008 | 061221s2006 miua b 001 0 eng d | ||
| 020 | _a9781601780003 | ||
| 020 | _a1601780001 | ||
| 035 | _a(OCoLC)ocm77184678 | ||
| 035 | _a(OCoLC)ocm77184678 | ||
| 040 |
_aEXB _cEXB |
||
| 049 | _aPTSS | ||
| 100 | 1 |
_aBeeke, Joel R. _d1952- |
|
| 245 | 1 | 0 |
_aMeet the Puritans : _bwith a guide to modern reprints / _cJoel Beeke and Randall J. Pederson. |
| 260 |
_aGrand Rapids, MI : _bReformation Heritage Books, _cc2006. |
||
| 300 |
_a896 p. : _bill. ; _c23 cm. |
||
| 336 | _atext | ||
| 337 | _aunmediated | ||
| 338 | _avolume | ||
| 504 | _aIncludes bibliographical references (p. 861-888) and index. | ||
| 650 | 0 | _aPuritans. | |
| 700 | 1 | _aPederson, Randall J. | |
| 942 |
_2lcc _cBK |
||
| 999 |
_c41761 _d41761 |
||